Pozemní stavitelství IV : pro 4. ročník SPŠ stavebních /

Na minha lista:
Detalhes bibliográficos
Main Authors: Hájek, Petr (Author), Hájek, Václav (Author), Košatka, Bedřich (Author), Růžička, Jan (Author)
Formato: Livro
Idioma:tcheco
Publicado em: Praha : Sobotáles, 2006
Edição:3. upravené vydanie
Assuntos:
Tags: Adicionar Tag
Sem tags, seja o primeiro a adicionar uma tag!

MARC

LEADER 00000nam a22000003a 4500
001 0072001
003 SK-STU
005 20200120111520.4
007 ta
008 190228s ----xo-----e------000-0-----d
020 |a 80-86817-18-0 
040 |a STU  |b slo 
041 0 |a cze 
044 |a xr 
100 1 |a Hájek, Petr  |4 aut 
245 1 0 |a Pozemní stavitelství IV :  |b pro 4. ročník SPŠ stavebních /  |c aut. Petr Hájek, Václav Hájek, Bedřich Košatka, Jan Růžička 
250 |a 3. upravené vydanie 
260 |a Praha :  |b Sobotáles,  |c 2006 
300 |a 208 s. 
650 0 7 |a rekonštrukcia budov 
650 0 7 |a modernizácia 
650 0 7 |a nosné konštrukcie 
650 0 7 |a priemyselné stavby 
650 0 7 |a poľnohospodárske stavby 
650 0 7 |a územné plánovanie 
700 1 |a Hájek, Václav  |4 aut 
700 1 |a Košatka, Bedřich  |4 aut 
700 1 |a Růžička, Jan  |4 aut 
996 |b 284AU07950  |c A* 11210/U  |l AAKNAR  |s A  |a 24  |w 0072001_0001